[Event "FIDE Open World Blitz 2021"]
[Site "Warsaw"]
[Date "2021.12.29"]
[Round "1.10"]
[White "Indjic, Aleksandar"]
[Black "Petrovskyi, Vadym"]
[Result "1-0"]
[WhiteElo "2603"]
[BlackElo "2377"]
[Annotator "ChessBase"]
[PlyCount "127"]
[EventDate "2021.12.29"]
[EventType "swiss"]
[EventCountry "POL"]
[Tiebreak "Cut1 Buchholz"]
[SourceTitle "playchess.com"]
[Source "ChessBase"]
[SourceQuality "1"]

1. d4 Nf6 2. Nf3 e6 3. Bf4 c5 4. e3 cxd4 5. exd4 b6 6. Nbd2 Bb7 7. a4 Be7 8. h3
O-O 9. Bd3 d6 10. O-O Qc7 11. Bh2 Nbd7 12. Re1 Rfe8 13. a5 Bf8 14. a6 Bc6 15.
c4 Rac8 16. b4 Qd8 17. Rc1 h6 18. Qb3 Ba8 19. Bf1 Nb8 20. Qa4 Bc6 21. Qa2 Ba8
22. Red1 Nc6 23. Qa4 Ne7 24. Be2 Nf5 25. Nb1 Ne4 26. Na3 Bc6 27. Qb3 Qf6 28.
Qd3 Ng5 29. Nxg5 Qxg5 30. Bf1 Ba4 31. Re1 g6 32. d5 e5 33. b5 Nd4 34. Qe3 Qd8
35. Qd2 Nb3 36. Qb4 Nc5 37. Rc3 f5 38. Nb1 e4 39. Nd2 Bg7 40. Rcc1 Qf6 41. Ra1
Qc3 42. Rxa4 Nxa4 43. Qxa4 Qxd2 44. Rd1 Qb2 45. Bxd6 Bd4 46. Rxd4 Qxd4 47. Bf4
g5 48. Be3 Qe5 49. Qd1 f4 50. Bd4 Qf5 51. Qh5 Kh7 52. Be2 Qg6 53. Qg4 Rcd8 54.
h4 Rg8 55. h5 Qf7 56. Bd1 Rge8 57. Bc2 Qd7 58. Qe2 Qe7 59. f3 Kg8 60. fxe4 Qd7
61. e5 g4 62. e6 Qd6 63. Qe4 Re7 64. Qg6+ 1-0

[Event "FIDE Open World Blitz 2021"]
[Site "Warsaw"]
[Date "2021.12.29"]
[Round "1.11"]
[White "Gajewski, Grzegorz"]
[Black "Grischuk, Alexander"]
[Result "1/2-1/2"]
[WhiteElo "2589"]
[BlackElo "2773"]
[Annotator "TA"]
[PlyCount "89"]
[EventDate "2021.12.29"]
[EventType "swiss"]
[EventCountry "POL"]
[Tiebreak "Cut1 Buchholz"]
[SourceTitle "playchess.com"]
[Source "ChessBase"]
[SourceQuality "1"]

1. Nf3 Nf6 2. c4 g6 3. Nc3 Bg7 4. e4 d6 5. d4 O-O 6. Be2 e5 7. O-O Nc6 8. d5
Ne7 9. Bg5 Nd7 10. Qd2 f5 11. b4 b6 12. Rfc1 Rf7 13. h3 f4 14. Ne1 h6 15. Bxe7
Qxe7 16. Bg4 Kh7 17. Be6 Rf8 18. Rab1 Nf6 19. Bxc8 Raxc8 20. c5 g5 21. cxd6
cxd6 22. Nf3 Rc4 23. Nb5 Rfc8 24. Rxc4 Rxc4 25. Qd3 Rc8 26. Nd2 h5 27. Nc4 Ne8
28. f3 Qd7 29. a4 Bf6 30. Qe2 Be7 31. Rb2 Nf6 32. Rc2 Rg8 33. Nd2 Ne8 34. Qc4
a6 35. Nc7 g4 36. hxg4 hxg4 37. Ne6 Ng7 38. Qc7 Qe8 39. fxg4 Nxe6 40. dxe6 Rxg4
41. Nf3 Rg7 42. Qd7 Qg6 43. Qc6 Qxe6 44. Rc1 Qb3 45. Rf1 1/2-1/2

[Event "FIDE Open World Blitz 2021"]
[Site "Warsaw"]
[Date "2021.12.29"]
[Round "1.11"]
[White "Heberla, Bartlomiej"]
[Black "Petrosian, Tigran L."]
[Result "0-1"]
[WhiteElo "2373"]
[BlackElo "2602"]
[Annotator "ChessBase"]
[PlyCount "105"]
[EventDate "2021.12.29"]
[EventType "swiss"]
[EventCountry "POL"]
[Tiebreak "Cut1 Buchholz"]
[SourceTitle "playchess.com"]
[Source "ChessBase"]
[SourceQuality "1"]

1. d4 d6 2. c4 e5 3. d5 f5 4. e4 Nf6 5. Nc3 fxe4 6. Nge2 Bf5 7. Ng3 Bg6 8. Bg5
Be7 9. h4 h6 10. Bxf6 Bxf6 11. h5 Bh7 12. Ngxe4 Nd7 13. Bd3 O-O 14. Qc2 Kh8 15.
O-O-O Be7 16. f3 a6 17. Kb1 Qb8 18. Rhe1 Qa7 19. Qf2 Qxf2 20. Nxf2 Bh4 21. Re2
Bxf2 22. Rxf2 Bxd3+ 23. Rxd3 Nf6 24. c5 Nxh5 25. Ne4 Rad8 26. cxd6 cxd6 27. Rb3
Rd7 28. Rb6 Nf6 29. Nxf6 gxf6 30. Kc2 f5 31. Kd3 Kg7 32. b4 Kf6 33. Rb2 Rc8 34.
b5 Rc5 35. bxa6 bxa6 36. Rxa6 Rxd5+ 37. Ke3 Rc7 38. Rb8 f4+ 39. Kf2 Rc1 40. Rb2
Ke6 41. g3 Rc4 42. Ra8 Rd3 43. Re8+ Kd7 44. Rf8 Ke7 45. Rf5 Ke6 46. Rf8 Rcc3
47. gxf4 Rxf3+ 48. Kg2 Rxf4 49. Rxf4 exf4 50. Rb8 d5 51. Rh8 Ke5 52. Rxh6 Ra3
53. Rh5+ 0-1

[Event "FIDE Open World Blitz 2021"]
[Site "Warsaw"]
[Date "2021.12.29"]
[Round "1.12"]
[White "Mamedyarov, Shakhriyar"]
[Black "Sargsyan, Shant"]
[Result "1-0"]
[WhiteElo "2765"]
[BlackElo "2628"]
[Annotator "TA"]
[PlyCount "93"]
[EventDate "2021.12.29"]
[EventType "swiss"]
[EventCountry "POL"]
[Tiebreak "Cut1 Buchholz"]
[SourceTitle "playchess.com"]
[Source "ChessBase"]
[SourceQuality "1"]

1. d4 Nf6 2. c4 e6 3. Nf3 d5 4. Nc3 h6 5. a3 b6 6. cxd5 exd5 7. Bf4 Bd6 8. Ne5
O-O 9. e3 c5 10. Be2 cxd4 11. Qxd4 Bb7 12. O-O Re8 13. Rfd1 Qe7 14. Nf3 Nc6 15.
Qa4 Bxf4 16. Qxf4 Rad8 17. Rac1 a6 18. Nd4 Nxd4 19. Qxd4 b5 20. Bf3 Rd7 21. a4
bxa4 22. Nxa4 Rc7 23. h3 Rec8 24. Rxc7 Qxc7 25. b4 a5 26. b5 Qc4 27. b6 Qxd4
28. exd4 Ne4 29. Bxe4 dxe4 30. Nc5 Bd5 31. Ra1 Rb8 32. b7 Bxb7 33. Rb1 a4 34.
Nd7 Rd8 35. Rxb7 a3 36. Ra7 a2 37. Ne5 Rxd4 38. Rxa2 f6 39. Nc6 Rd1+ 40. Kh2 h5
41. Re2 Rd6 42. Ne7+ Kf7 43. Nf5 Rd5 44. Ng3 f5 45. Nxh5 g5 46. g4 Kg6 47. Ng3
1-0

[Event "FIDE Open World Blitz 2021"]
[Site "Warsaw"]
[Date "2021.12.29"]
[Round "1.12"]
[White "Efimenko, Zahar"]
[Black "Jakubowski, Krzysztof"]
[Result "1/2-1/2"]
[WhiteElo "2601"]
[BlackElo "2373"]
[Annotator "ChessBase"]
[PlyCount "116"]
[EventDate "2021.12.29"]
[EventType "swiss"]
[EventCountry "POL"]
[Tiebreak "Cut1 Buchholz"]
[SourceTitle "playchess.com"]
[Source "ChessBase"]
[SourceQuality "1"]

1. Nf3 Nf6 2. g3 d5 3. Bg2 Bf5 4. O-O e6 5. c4 c6 6. cxd5 exd5 7. d3 Bc5 8. Qb3
Bb6 9. Nc3 O-O 10. Na4 Re8 11. Nxb6 axb6 12. Nd4 Bg4 13. Re1 Na6 14. Bf4 h6 15.
h3 Bd7 16. a3 Nc5 17. Qc3 Ne6 18. Be5 Ng5 19. f4 Nxh3+ 20. Kf1 Ng4 21. Bxh3
Nxe5 22. Bxd7 Nxd7 23. e4 dxe4 24. dxe4 g6 25. Rad1 Qc8 26. e5 Nf8 27. Kg2 Ra5
28. Nf3 Rc5 29. Qe3 Rd8 30. Rd2 Rxd2+ 31. Qxd2 Rd5 32. Qe3 Qd8 33. Re2 Ne6 34.
f5 gxf5 35. Qxh6 Rd3 36. Qh5 Ng7 37. Qh4 Qd5 38. Rf2 Qe4 39. Qxe4 fxe4 40. Ng5
e3 41. Re2 Ne6 42. Nxe6 fxe6 43. Kf3 Rb3 44. Rxe3 Rxb2 45. Rd3 Kf7 46. Rd7+ Kg6
47. g4 Ra2 48. Rxb7 Rxa3+ 49. Kf4 Ra4+ 50. Kg3 b5 51. Re7 Kg5 52. Rg7+ Kh6 53.
Re7 b4 54. Rxe6+ Kg5 55. Rxc6 Ra3+ 56. Kf2 Kxg4 57. Rb6 Kf5 58. Rxb4 Kxe5
1/2-1/2

[Event "FIDE Open World Blitz 2021"]
[Site "Warsaw"]
[Date "2021.12.29"]
[Round "1.13"]
[White "Jumabayev, Rinat"]
[Black "Rapport, Richard"]
[Result "1/2-1/2"]
[WhiteElo "2658"]
[BlackElo "2763"]
[Annotator "TA"]
[PlyCount "65"]
[EventDate "2021.12.29"]
[EventType "swiss"]
[EventCountry "POL"]
[Tiebreak "Cut1 Buchholz"]
[SourceTitle "playchess.com"]
[Source "ChessBase"]
[SourceQuality "1"]

1. d4 Nf6 2. Nf3 g6 3. Bf4 Bg7 4. e3 c5 5. c3 Qb6 6. Qb3 d6 7. Bb5+ Bd7 8. Bc4
O-O 9. Nbd2 Nc6 10. O-O Na5 11. Qxb6 axb6 12. Bd3 h6 13. h3 Be6 14. e4 g5 15.
Be3 Bd7 16. g4 Rfc8 17. a3 b5 18. Rfc1 b6 19. Ne1 e5 20. d5 Nb7 21. f3 Bf8 22.
Ng2 Be7 23. h4 Nh7 24. h5 Ra7 25. Bf2 Rca8 26. Rab1 Nf6 27. Ne3 Ne8 28. Be2 Nc7
29. Kg2 Ra4 30. Bd1 R4a7 31. Be2 Ra4 32. Bd1 R4a7 33. Be2 1/2-1/2

[Event "FIDE Open World Blitz 2021"]
[Site "Warsaw"]
[Date "2021.12.29"]
[Round "1.13"]
[White "Mitrabha, Guha"]
[Black "Durarbayli, Vasif"]
[Result "1/2-1/2"]
[WhiteElo "2370"]
[BlackElo "2599"]
[Annotator "ChessBase"]
[PlyCount "86"]
[EventDate "2021.12.29"]
[EventType "swiss"]
[EventCountry "POL"]
[Tiebreak "Cut1 Buchholz"]
[SourceTitle "playchess.com"]
[Source "ChessBase"]
[SourceQuality "1"]

1. d4 Nf6 2. c4 e6 3. g3 c5 4. Nf3 cxd4 5. Nxd4 d5 6. Bg2 e5 7. Nf3 d4 8. O-O
Nc6 9. e3 Be7 10. exd4 exd4 11. b4 Bxb4 12. Nxd4 O-O 13. Nxc6 bxc6 14. Bd2 Bg4
15. Qc2 a5 16. Nc3 Qc7 17. Bf4 Bd6 18. Bxd6 Qxd6 19. Ne4 Qd4 20. Nxf6+ Qxf6 21.
Qa4 Bf3 22. Rab1 h5 23. h4 Rfe8 24. Rb3 Bxg2 25. Kxg2 Re4 26. Rb6 Re6 27. Rfb1
Kh7 28. Qc2+ g6 29. R1b3 Qd4 30. c5 Rf6 31. Re3 Qd5+ 32. Kh2 a4 33. Rb1 Ra5 34.
Rc1 a3 35. Kg1 Kg7 36. Qc3 Rb5 37. Qxa3 Qd2 38. Rf1 Rb2 39. Rf3 Rxa2 40. Qb3
Rb2 41. Qa3 Ra2 42. Qb3 Rb2 43. Qa3 Ra2 1/2-1/2

[Event "FIDE Open World Blitz 2021"]
[Site "Warsaw"]
[Date "2021.12.29"]
[Round "1.14"]
[White "Erdos, Viktor"]
[Black "Gdanski, Jacek"]
[Result "1-0"]
[WhiteElo "2599"]
[BlackElo "2367"]
[Annotator "ChessBase"]
[PlyCount "47"]
[EventDate "2021.12.29"]
[EventType "swiss"]
[EventCountry "POL"]
[Tiebreak "Cut1 Buchholz"]
[SourceTitle "playchess.com"]
[Source "ChessBase"]
[SourceQuality "1"]

1. e4 e6 2. d4 d5 3. exd5 exd5 4. Nf3 c6 5. c4 Nf6 6. Nc3 Bb4 7. Bd3 O-O 8. O-O
dxc4 9. Bxc4 Bg4 10. Be3 Nbd7 11. h3 Bh5 12. g4 Nb6 13. Bb3 Bg6 14. Ne5 Nbd5
15. Bd2 Bxc3 16. bxc3 Ne4 17. Rc1 Qh4 18. Kg2 Rad8 19. c4 Ndf6 20. Nf3 Nxd2 21.
Nxh4 Be4+ 22. f3 Nxb3 23. axb3 Bg6 24. Qd2 1-0

[Event "FIDE Open World Blitz 2021"]
[Site "Warsaw"]
[Date "2021.12.29"]
[Round "1.15"]
[White "Vakhidov, Jakhongir"]
[Black "Aronian, Levon"]
[Result "0-1"]
[WhiteElo "2557"]
[BlackElo "2782"]
[Annotator "TA"]
[PlyCount "55"]
[EventDate "2021.12.29"]
[EventType "swiss"]
[EventCountry "POL"]
[Tiebreak "Cut1 Buchholz"]
[SourceTitle "playchess.com"]
[Source "ChessBase"]
[SourceQuality "1"]

1. c4 g6 2. Nc3 Bg7 3. Nf3 Nc6 4. d4 d6 5. g3 Nf6 6. Bg2 O-O 7. O-O Rb8 8. b3
a6 9. d5 Na5 10. Bg5 h6 11. Bd2 c5 12. dxc6 Nxc6 13. Rc1 Be6 14. e4 b5 15. cxb5
axb5 16. Re1 b4 17. Na4 Qd7 18. Bf4 Ng4 19. h3 Nge5 20. Nxe5 Nxe5 21. Kh2 g5
22. Be3 g4 23. h4 Qb5 24. Bd4 Rfc8 25. Qd2 Qd3 26. Qxd3 Nxd3 27. Bxg7 Rxc1 28.
Rxc1 0-1

[Event "FIDE Open World Blitz 2021"]
[Site "Warsaw"]
[Date "2021.12.29"]
[Round "1.15"]
[White "Lubczynski, Rafal"]
[Black "Cheparinov, Ivan"]
[Result "0-1"]
[WhiteElo "2361"]
[BlackElo "2594"]
[Annotator "ChessBase"]
[PlyCount "62"]
[EventDate "2021.12.29"]
[EventType "swiss"]
[EventCountry "POL"]
[Tiebreak "Cut1 Buchholz"]
[SourceTitle "playchess.com"]
[Source "ChessBase"]
[SourceQuality "1"]

1. Nf3 d5 2. c4 d4 3. e3 c5 4. b4 Nf6 5. Bb2 dxe3 6. fxe3 cxb4 7. d4 e5 8. Nxe5
Bd6 9. Qa4+ Nbd7 10. Be2 O-O 11. Nxd7 Bxd7 12. Qb3 Qc7 13. Nd2 a5 14. c5 Bxh2
15. O-O-O b6 16. Kb1 bxc5 17. d5 a4 18. Qc2 b3 19. Qd3 Be5 20. d6 Qxd6 21. Qxd6
Bxd6 22. Bxf6 gxf6 23. Nc4 Bf5+ 24. Ka1 Bg3 25. Rd5 Be4 26. Rxc5 Rac8 27. Rxc8
Rxc8 28. axb3 axb3 29. Kb2 Bc2 30. Rf1 Kg7 31. Rf3 Bc7 0-1

[Event "FIDE Open World Blitz 2021"]
[Site "Warsaw"]
[Date "2021.12.29"]
[Round "1.16"]
[White "Wojtaszek, Radoslaw"]
[Black "Kobalia, Mikhail"]
[Result "1/2-1/2"]
[WhiteElo "2700"]
[BlackElo "2600"]
[Annotator "ChessBase"]
[PlyCount "94"]
[EventDate "2021.12.29"]
[EventType "swiss"]
[EventCountry "POL"]
[Tiebreak "Cut1 Buchholz"]
[SourceTitle "playchess.com"]
[Source "ChessBase"]
[SourceQuality "1"]

1. c4 c6 2. Nf3 d5 3. e3 Nf6 4. Qc2 e6 5. b3 Nbd7 6. Bb2 Bd6 7. d4 O-O 8. Bd3
Qe7 9. Ne5 Bb4+ 10. Nd2 Bxd2+ 11. Qxd2 Nxe5 12. dxe5 Ne4 13. Qc2 Qb4+ 14. Ke2
h6 15. Bxe4 dxe4 16. Qxe4 a5 17. Qc2 a4 18. Qc3 Qe7 19. b4 b6 20. Rad1 c5 21.
b5 a3 22. Ba1 Bb7 23. f3 Qg5 24. Kf2 Qh4+ 25. g3 Qh3 26. Rd7 Rab8 27. e4 Rfd8
28. Qd2 Rxd7 29. Qxd7 Ba8 30. Qd6 Rf8 31. Qxb6 g5 32. Qxc5 g4 33. Qe3 Rd8 34.
Bc3 Qh5 35. f4 Rb8 36. Bb4 Kh7 37. Bd6 Rb7 38. Qc5 Rxb5 39. Qxb5 Bxe4 40. Re1
Qxh2+ 41. Ke3 Bg6 42. Qb3 Qxg3+ 43. Kd2 Qf2+ 44. Re2 Qd4+ 45. Ke1 Qg1+ 46. Kd2
Qd4+ 47. Ke1 Qg1+ 1/2-1/2

[Event "FIDE Open World Blitz 2021"]
[Site "Warsaw"]
[Date "2021.12.29"]
[Round "1.16"]
[White "Christiansen, Johan-Sebastian"]
[Black "Theodorou, Nikolas"]
[Result "1-0"]
[WhiteElo "2593"]
[BlackElo "2351"]
[Annotator "ChessBase"]
[PlyCount "107"]
[EventDate "2021.12.29"]
[EventType "swiss"]
[EventCountry "POL"]
[Tiebreak "Cut1 Buchholz"]
[SourceTitle "playchess.com"]
[Source "ChessBase"]
[SourceQuality "1"]

1. e4 e5 2. Nf3 Nc6 3. d4 exd4 4. Nxd4 Bb4+ 5. c3 Bc5 6. Be3 Bb6 7. Nf5 g6 8.
Bxb6 axb6 9. Ne3 Nf6 10. f3 O-O 11. c4 d5 12. cxd5 Nxe4 13. fxe4 Qh4+ 14. Kd2
Qxe4 15. Bd3 Qd4 16. Qb3 Re8 17. Re1 Ne5 18. Na3 Bd7 19. Nac2 Qf4 20. Qc3 c5
21. Be2 Rac8 22. g3 Qh6 23. Rad1 b5 24. Kc1 b4 25. Qd2 Qxh2 26. g4 Ra8 27. Kb1
Qf4 28. d6 Be6 29. Nd5 Qxd2 30. Rxd2 Red8 31. b3 Ra5 32. Bd1 Nc6 33. Ne7+ Kg7
34. Nxc6 bxc6 35. Ne3 Ra7 36. Bf3 Rad7 37. Red1 Rc8 38. Ng2 c4 39. bxc4 Bxc4
40. Rd4 Be6 41. Rxb4 c5 42. Rb2 c4 43. Nf4 c3 44. Nxe6+ fxe6 45. Rc2 Rcd8 46.
Rxc3 Rxd6 47. Rc7+ Kh6 48. Rxd6 Rxd6 49. a4 Rd3 50. Bc6 Rd4 51. Kb2 Rxg4 52. a5
Rg5 53. a6 Ra5 54. a7 1-0

[Event "FIDE Open World Blitz 2021"]
[Site "Warsaw"]
[Date "2021.12.29"]
[Round "1.17"]
[White "Demchenko, Anton"]
[Black "Ghaem Maghami, Ehsan"]
[Result "1-0"]
[WhiteElo "2655"]
[BlackElo "2520"]
[Annotator "ChessBase"]
[PlyCount "104"]
[EventDate "2021.12.29"]
[EventType "swiss"]
[EventCountry "POL"]
[Tiebreak "Cut1 Buchholz"]
[SourceTitle "playchess.com"]
[Source "ChessBase"]
[SourceQuality "1"]

1. e4 c6 2. d4 d5 3. e5 Bf5 4. Bd3 Bxd3 5. Qxd3 e6 6. c3 Qb6 7. Ne2 Qa6 8. Qd1
c5 9. O-O Nc6 10. Nd2 cxd4 11. cxd4 Rc8 12. Nf3 Nge7 13. Nf4 Nf5 14. g4 Nfe7
15. Nh5 Ng8 16. Be3 Qb6 17. Rb1 h6 18. b4 a6 19. a3 g6 20. Nf4 Be7 21. Kg2 h5
22. gxh5 g5 23. Nd3 Qd8 24. Kh1 Nh6 25. Rg1 Nf5 26. b5 axb5 27. Rxb5 Rxh5 28.
Rxb7 Kf8 29. Rb5 Qd7 30. a4 Qd8 31. Qe2 Ra8 32. Qc2 Na5 33. Qe2 Nc4 34. Nd2 Rh4
35. Nf3 Re4 36. Nd2 Nxd4 37. Qh5 Ke8 38. Nxe4 dxe4 39. Nc5 Nf5 40. Qh8+ Bf8 41.
Nb7 Qd7 42. Bxg5 Qc6 43. Be3 Ncxe3 44. fxe3 Rxa4 45. Nd6+ Nxd6 46. Rb8+ Nc8 47.
Rg8 Ra1+ 48. Kg2 Kd7 49. Rxf8 Qc2+ 50. Kh3 Ne7 51. Rfd8+ Kc7 52. Rdc8+ Nxc8 1-0

[Event "FIDE Open World Blitz 2021"]
[Site "Warsaw"]
[Date "2021.12.29"]
[Round "1.17"]
[White "Blanco Acevedo, Cristobal Jose"]
[Black "Demidov, Mikhail"]
[Result "0-1"]
[WhiteElo "2350"]
[BlackElo "2592"]
[Annotator "ChessBase"]
[PlyCount "106"]
[EventDate "2021.12.29"]
[EventType "swiss"]
[EventCountry "POL"]
[Tiebreak "Cut1 Buchholz"]
[SourceTitle "playchess.com"]
[Source "ChessBase"]
[SourceQuality "1"]

1. c4 g6 2. Nc3 Bg7 3. d4 d6 4. e4 e5 5. Nf3 exd4 6. Nxd4 Nc6 7. Be3 Nge7 8.
Be2 O-O 9. O-O f5 10. exf5 Bxd4 11. Bxd4 Nxf5 12. Be3 Nxe3 13. fxe3 Be6 14. Nd5
Bxd5 15. Qxd5+ Kg7 16. Bf3 Rb8 17. a3 Qe7 18. Rae1 Rf5 19. Qd2 Ne5 20. Qc3 b6
21. Bd5 Rbf8 22. Rxf5 Rxf5 23. Rf1 Rxf1+ 24. Kxf1 Qh4 25. Kg1 Qg4 26. Qd4 Qe2
27. h3 h5 28. Kh2 Qf2 29. Qf4 Qxf4+ 30. exf4 Nd3 31. f5 gxf5 32. b4 f4 33. g3
Kf6 34. Be4 Nb2 35. Bd5 Nd3 36. Be4 Ne5 37. Bd5 Kg5 38. h4+ Kg4 39. Be6+ Kf3
40. gxf4 Kxf4 41. Kh3 c6 42. Bg8 a5 43. bxa5 bxa5 44. Be6 Kf3 45. Bg8 Nd3 46.
Bf7 Nf4+ 47. Kh2 Kg4 48. Be8 c5 49. Kg1 Kxh4 50. Kf2 Kg5 51. Kf3 h4 52. Bd7 Nh5
53. Ke4 Nf6+ 0-1

[Event "FIDE Open World Blitz 2021"]
[Site "Warsaw"]
[Date "2021.12.29"]
[Round "1.18"]
[White "Korobov, Anton"]
[Black "Dvirnyy, Danyyil"]
[Result "1/2-1/2"]
[WhiteElo "2684"]
[BlackElo "2493"]
[Annotator "ChessBase"]
[PlyCount "119"]
[EventDate "2021.12.29"]
[EventType "swiss"]
[EventCountry "POL"]
[Tiebreak "Cut1 Buchholz"]
[SourceTitle "playchess.com"]
[Source "ChessBase"]
[SourceQuality "1"]

1. d4 Nf6 2. c4 e6 3. Nc3 Bb4 4. e3 O-O 5. Nge2 c6 6. Ng3 d5 7. Bd3 Nbd7 8. O-O
dxc4 9. Bxc4 e5 10. a3 Ba5 11. Ba2 Bc7 12. h3 Nb6 13. dxe5 Bxe5 14. f4 Bxc3 15.
bxc3 Qe7 16. Qc2 Be6 17. Bb1 Bc4 18. e4 Bxf1 19. e5 Qc5+ 20. Kxf1 Nbd5 21. exf6
Nxf6 22. Ne4 Nxe4 23. Qxe4 Qh5 24. Qf3 Qxf3+ 25. gxf3 Rfe8 26. Kf2 Rad8 27. Bc2
Rd5 28. Rb1 b6 29. Rb4 Rh5 30. Kg3 Rc5 31. Bd2 Re2 32. Rd4 Rd5 33. Rc4 Rdxd2
34. Rxc6 g5 35. Bxh7+ Kxh7 36. fxg5 Re6 37. Rc7 Kg6 38. h4 a5 39. Rb7 Rc6 40.
Kg4 Rc4+ 41. f4 Rg2+ 42. Kf3 Rg1 43. Rxb6+ Kg7 44. h5 Rxc3+ 45. Ke4 Re1+ 46.
Kf5 Rc5+ 47. Kg4 Rg1+ 48. Kf3 Rc3+ 49. Ke4 Rxa3 50. h6+ Kg8 51. Rb8+ Kh7 52.
Rf8 Ra4+ 53. Kf5 Rf1 54. Rxf7+ Kg8 55. Kg6 Raxf4 56. Rg7+ Kh8 57. Rh7+ Kg8 58.
Rg7+ Kh8 59. Rh7+ Kg8 60. Rg7+ 1/2-1/2

[Event "FIDE Open World Blitz 2021"]
[Site "Warsaw"]
[Date "2021.12.29"]
[Round "1.18"]
[White "Sjugirov, Sanan"]
[Black "Samunenkov, Ihor"]
[Result "1-0"]
[WhiteElo "2589"]
[BlackElo "2348"]
[Annotator "ChessBase"]
[PlyCount "118"]
[EventDate "2021.12.29"]
[EventType "swiss"]
[EventCountry "POL"]
[Tiebreak "Cut1 Buchholz"]
[SourceTitle "playchess.com"]
[Source "ChessBase"]
[SourceQuality "1"]

1. e4 c6 2. Nf3 d5 3. d3 dxe4 4. dxe4 Qxd1+ 5. Kxd1 Nf6 6. Nbd2 Nbd7 7. Ne1 e5
8. f3 Bd6 9. c3 O-O 10. Kc2 Rd8 11. a4 a5 12. Nc4 Bc7 13. Be3 b6 14. Rd1 Ba6
15. Nd2 Bxf1 16. Rxf1 Kf8 17. Nd3 Ke7 18. g4 Ne8 19. Nc4 f6 20. g5 Nd6 21. Nxd6
Bxd6 22. Rg1 Rg8 23. Rg3 Raf8 24. gxf6+ gxf6 25. Bh6 Re8 26. Rdg1 Rxg3 27. Rxg3
Ke6 28. Be3 Kf7 29. Nf2 Rg8 30. Ng4 Rg6 31. Nh6+ Ke6 32. Nf5 Rxg3 33. hxg3 Bc5
34. Bd2 Bf8 35. b4 axb4 36. cxb4 Nb8 37. Kb3 Na6 38. Kc4 Kd7 39. b5 Nc7 40. Be3
cxb5+ 41. axb5 Na8 42. g4 Ke6 43. Ng3 Be7 44. Ne2 Bd8 45. Nc3 Bc7 46. Nd5 Bd8
47. Nb4 Kd6 48. Bf2 Ke6 49. Nd5 Kd6 50. Be1 Ke6 51. Bb4 Bc7 52. Be7 Bd6 53. Bd8
Bc5 54. Bxf6 Nc7 55. Nxc7+ Kxf6 56. Kd5 Bd4 57. Ne6 Be3 58. Nf8 Bd4 59. Nxh7+
Kg7 1-0

[Event "FIDE Open World Blitz 2021"]
[Site "Warsaw"]
[Date "2021.12.29"]
[Round "1.19"]
[White "Shoker, Samy"]
[Black "Martirosyan, Haik M."]
[Result "0-1"]
[WhiteElo "2504"]
[BlackElo "2624"]
[Annotator "ChessBase"]
[PlyCount "104"]
[EventDate "2021.12.29"]
[EventType "swiss"]
[EventCountry "POL"]
[Tiebreak "Cut1 Buchholz"]
[SourceTitle "playchess.com"]
[Source "ChessBase"]
[SourceQuality "1"]

1. Nf3 c5 2. g3 Nc6 3. Bg2 g6 4. c4 Bg7 5. Nc3 d6 6. d3 e5 7. a3 a5 8. Rb1 Nge7
9. O-O O-O 10. Bd2 h6 11. Ne1 Be6 12. Nc2 d5 13. cxd5 Nxd5 14. Ne3 Nde7 15. Na4
b6 16. b4 cxb4 17. axb4 axb4 18. Bxb4 Rb8 19. Bxc6 Nxc6 20. Bxf8 Bxf8 21. Nc3
Nd4 22. Nb5 h5 23. h4 Nc6 24. Nc4 Bc5 25. Kg2 e4 26. Ne3 exd3 27. Qxd3 Qf6 28.
Nd5 Qe5 29. Nf4 Bf5 30. Qc3 Be4+ 31. f3 Bxb1 32. Qxe5 Nxe5 33. Rxb1 Nc4 34. Nd5
Rd8 35. e4 Ra8 36. Nbc3 Ra3 37. e5 Nxe5 38. Re1 Bd4 39. f4 Ng4 40. Nb5 Ra2+ 41.
Kf3 Bc5 42. Re2 Nh2+ 43. Rxh2 Rxh2 44. Nf6+ Kg7 45. Ne8+ Kf8 46. Nf6 Ke7 47.
Nd5+ Ke6 48. Ndc7+ Kd7 49. Nd5 Kc6 50. Nbc3 f5 51. g4 hxg4+ 52. Kg3 Rh3+ 0-1

[Event "FIDE Open World Blitz 2021"]
[Site "Warsaw"]
[Date "2021.12.29"]
[Round "1.19"]
[White "Kanarek, Marcel"]
[Black "Tang, Andrew"]
[Result "1/2-1/2"]
[WhiteElo "2342"]
[BlackElo "2588"]
[Annotator "ChessBase"]
[PlyCount "143"]
[EventDate "2021.12.29"]
[EventType "swiss"]
[EventCountry "POL"]
[Tiebreak "Cut1 Buchholz"]
[SourceTitle "playchess.com"]
[Source "ChessBase"]
[SourceQuality "1"]

1. e4 e5 2. Nf3 Nc6 3. Bb5 g6 4. d4 exd4 5. Bg5 Be7 6. Bxe7 Qxe7 7. Bxc6 dxc6
8. Qxd4 Nf6 9. Nc3 Bg4 10. Nd2 c5 11. Qe3 O-O-O 12. f3 Be6 13. O-O-O b6 14.
Rhe1 Kb8 15. Nf1 Bc8 16. Rxd8 Rxd8 17. Qg5 Bb7 18. h4 Re8 19. Rd1 Qe6 20. Ne3
Bc6 21. Ncd5 Ng8 22. Qf4 Rc8 23. b3 Kb7 24. g4 a5 25. a4 Be8 26. g5 Bc6 27. Rd2
Ne7 28. Nxe7 Qxe7 29. Nd5 Qe6 30. Nf6 c4 31. Nd5 cxb3 32. cxb3 Bxd5 33. Rxd5
Re8 34. Kb2 Re7 35. Rd3 Qc6 36. Rc3 Qd7 37. Qf6 Re6 38. Qf4 Rd6 39. Rc2 Qe6 40.
e5 Rd5 41. Re2 c6 42. Qf6 Rd3 43. Qxe6 fxe6 44. Rf2 c5 45. h5 gxh5 46. Rh2 Rxf3
47. Rxh5 Rg3 48. Rxh7+ Kc6 49. Rg7 Kd5 50. g6 c4 51. bxc4+ Kxc4 52. Rg8 Kb4 53.
g7 Kxa4 54. Rb8 Rxg7 55. Rxb6 Rg6 56. Ka2 Rh6 57. Kb2 Rh2+ 58. Kc3 Rh3+ 59. Kb2
Rh2+ 60. Kc3 Ka3 61. Rxe6 Rh3+ 62. Kc4 Rh4+ 63. Kd5 a4 64. Rb6 Rh1 65. e6 Rd1+
66. Kc6 Ka2 67. e7 Re1 68. Kd7 Rxe7+ 69. Kxe7 a3 70. Kd6 Ka1 71. Kc5 a2 72. Kc4
1/2-1/2

[Event "FIDE Open World Blitz 2021"]
[Site "Warsaw"]
[Date "2021.12.29"]
[Round "1.20"]
[White "Nihal Sarin"]
[Black "Kovalev, Vladislav"]
[Result "1-0"]
[WhiteElo "2650"]
[BlackElo "2634"]
[Annotator "ChessBase"]
[PlyCount "125"]
[EventDate "2021.12.29"]
[EventType "swiss"]
[EventCountry "POL"]
[Tiebreak "Cut1 Buchholz"]
[SourceTitle "playchess.com"]
[Source "ChessBase"]
[SourceQuality "1"]

1. Nf3 Nf6 2. c4 e6 3. g3 d5 4. Bg2 Be7 5. O-O O-O 6. b3 b6 7. Bb2 Bb7 8. cxd5
exd5 9. d4 Nbd7 10. Nbd2 Re8 11. Rc1 Bd6 12. e3 Qe7 13. Rc2 Rac8 14. Bh3 c5 15.
dxc5 bxc5 16. Re1 Rc7 17. Bg2 Nb6 18. Qa1 a5 19. Bxf6 Qxf6 20. Qxf6 gxf6 21.
Nh4 Bf8 22. Rd1 a4 23. Nb1 axb3 24. axb3 c4 25. bxc4 dxc4 26. Bxb7 Rxb7 27. Nc3
Bb4 28. Rb1 Bxc3 29. Rxc3 Rbb8 30. Kg2 Rec8 31. Nf5 Nd7 32. Rxb8 Rxb8 33. Rxc4
Nf8 34. h4 h5 35. Ne7+ Kg7 36. Rc5 Re8 37. Nf5+ Kg6 38. Nd6 Rd8 39. Nb5 Ne6 40.
Rc2 Rb8 41. Na3 Ra8 42. Nb1 Rb8 43. Nd2 Rd8 44. Nf3 Ra8 45. Nd2 Rb8 46. Kf3 Ra8
47. Ke2 Re8 48. Nf3 Ra8 49. Kf1 Ra1+ 50. Kg2 Ra8 51. Rb2 Rc8 52. Rd2 Ra8 53.
Nd4 Rd8 54. Kf3 Ra8 55. Nc6 Kg7 56. Rd5 Kh6 57. Rf5 Rc8 58. Ne7 Rc7 59. Nd5 Rc5
60. Rxf6+ Kg7 61. Rf5 Ra5 62. Rxh5 Ra3 63. Nf4 1-0